Score 0/11 Timer 10:00
0 Plays Today
Question Facts % Correct
His favorite colorpurple
77.1%
His #1 songBaby
72.9%
His religionChristian
58.3%
His AgeSixteen
56.3%
His mom's namePattie
50%
His dad's nameJeremy
41.7%
His favorite foodspaghetti
33.3%
His favorite girlhis mom
16.7%
His height5, 7
14.6%
The first song he recordedCommon Denominator
8.3%
His hometownStratford Ontario Canada
6.3%
Come Together.
Have Fun.
All Virtual.
We all need to come together. Play Sporcle's virtual live trivia to have fun, connect with people, and get your trivia on. Join a live hosted trivia game for your favorite pub trivia experience done virtually. If a virtual private party is more your thing, go here for details.

You're not logged in!

Compare scores with friends on all Sporcle quizzes.
OR
Log In

Sporcle TV

Today on Sporcle TV


Watch our educational content, quiz creation guides, and fun videos on Sporcle TV.

Show Comments

Extras

Created Feb 5, 2011ReportNominate
Tags:Bieber, Extra

Top Quizzes Today


Score Distribution

Paid Content

Your Account Isn't Verified!

In order to create a playlist on Sporcle, you need to verify the email address you used during registration. Go to your Sporcle Settings to finish the process.

Report this User

Report this user for behavior that violates our Community Guidelines.

Details: